000 00822nam a2200253Ia 4500
003 OSt
005 20220926033916.0
006 a|||||r|||| 00| 0
007 ta
008 220923b |||||||| |||| 00| 0 eng d
020 _a0631206002
_c1302.33
037 _b1781, 22/07/2006, P.T. BOOKS INTERNATIONAL
_cGeneral Book
040 _aRTL
_cRTL
_beng
041 _2eng
_aeng
082 _aY9(W).541.N, P6
100 _aRawlings Helen
_9339717
245 0 _aSpanish Inquisition
260 _aVictoria
_bBlackwell Publishing
_c2006
300 _axii, 174p
_ccm.
490 _aHistorical Association Studies
500 _aBibliography: P 160-68; Glossary: P 157-59
942 _hY9(W).541.N, P6
_cGB
_2CC
999 _c658266
_d658266